Albania : Staff Report for the 2004 Article IV Consultation, Fifth Review Under the Poverty Reduction and Growth Facility, Request for Extension of the Arrangement, and Financing Assurances Review.

This paper reviews Albania's 2004 Article IV Consultation, Fifth Review Under the Poverty Reduction and Growth Facility (PRGF), Request for Extension of the Arrangement, and Financing Assurances Review. The macroeconomic performance of the Albanian economy has been remarkable by both regional a...

Descrizione completa

Dettagli Bibliografici
Ente Autore: International Monetary Fund
Natura: Periodico
Lingua:English
Pubblicazione: Washington, D.C. : International Monetary Fund, 2005.
Serie:IMF Staff Country Reports; Country Report ; No. 2005/089
Accesso online:Full text available on IMF
LEADER 01798cas a2200241 a 4500
001 AALejournalIMF003502
008 230101c9999 xx r poo 0 0eng d
020 |c 5.00 USD 
020 |z 9781451800807 
022 |a 1934-7685 
040 |a BD-DhAAL  |c BD-DhAAL 
110 2 |a International Monetary Fund. 
245 1 0 |a Albania :   |b Staff Report for the 2004 Article IV Consultation, Fifth Review Under the Poverty Reduction and Growth Facility, Request for Extension of the Arrangement, and Financing Assurances Review. 
264 1 |a Washington, D.C. :  |b International Monetary Fund,  |c 2005. 
300 |a 1 online resource (97 pages) 
490 1 |a IMF Staff Country Reports 
500 |a <strong>Off-Campus Access:</strong> No User ID or Password Required 
500 |a <strong>On-Campus Access:</strong> No User ID or Password Required 
506 |a Electronic access restricted to authorized BRAC University faculty, staff and students 
520 3 |a This paper reviews Albania's 2004 Article IV Consultation, Fifth Review Under the Poverty Reduction and Growth Facility (PRGF), Request for Extension of the Arrangement, and Financing Assurances Review. The macroeconomic performance of the Albanian economy has been remarkable by both regional and international standards. After a slowdown in 2002, economic growth recovered to about 6 percent in 2003-04; and inflation declined, generally remaining within the 2-4 percent target range of the Bank of Albania. Some structural reforms also gained momentum in 2004-notably privatization and sectoral restructuring. 
538 |a Mode of access: Internet 
830 0 |a IMF Staff Country Reports; Country Report ;  |v No. 2005/089 
856 4 0 |z Full text available on IMF  |u http://elibrary.imf.org/view/journals/002/2005/089/002.2005.issue-089-en.xml  |z IMF e-Library